| 000 | 00476nam a22001577a 4500 | ||
|---|---|---|---|
| 005 | 20260313150455.0 | ||
| 008 | 260313b |||||||| |||| 00| 0 eng d | ||
| 020 | _a9781118456477 | ||
| 050 |
_aHT166 _b.H349 HAL |
||
| 100 | _aHall Peter | ||
| 245 |
_aCities of Tomorrow: _bAn intellectual history of urban planning and design since 1880/ _cPeter Hall |
||
| 250 | _a4th Ed. | ||
| 260 |
_aOxford _bWiley Blackwell _c2014 |
||
| 500 | _aIncludes Index | ||
| 942 |
_2lcc _cBK _e4th Ed. _n0 |
||
| 999 |
_c9024 _d9024 |
||